The Avengers Episodes: 6 Quiz Stats

 Plays Quiz not verified by Sporcle

Score 0/33 Timer 10:00
0 Plays Today
Title Missing Word % Correct
The _______-Me-KnotForget
92.3%
The _________ AfterMorning
84.6%
Wish You Were ______Here
84.6%
My Wildest ______Dream
84.6%
They Keep _______ SteedKilling
76.9%
Take Me to Your ______Leader
76.9%
You'll _______ Your DeathCatch
69.2%
All Done with _________Mirrors
69.2%
______ DoomsdayNoon
69.2%
The Curious Case of the _________ CluesCountless
69.2%
______ AllLove
69.2%
Who Was That ____ I Saw You With?Man
69.2%
Get-a-____Way
69.2%
Super Secret ________ SnatchCypher
61.5%
Have Guns - Will _______Haggle
61.5%
Look - (Stop Me If You've Heard This One) - But There Were These Two ________...Fellers
53.8%
Invasion of the _________Earthmen
53.8%
Title Missing Word % Correct
Stay _______Tuned
53.8%
___________ and Old LaceHomicide
53.8%
Take-_____Over
53.8%
_________Bizarre
53.8%
________ WitnessFalse
46.2%
_______Game
38.5%
_____!Split
38.5%
Whoever Shor Poor George Oblique Stroke ______?XR40
38.5%
__________ of DeathLegacy
38.5%
The ______________Interrogators
38.5%
The __________Rotters
38.5%
____Fog
38.5%
_______Killer
30.8%
___________Thingumajig
30.8%
________Requiem
30.8%
_________Pandora
30.8%

You're not logged in!

Compare scores with friends on all Sporcle quizzes.
OR
Log In

Show Comments

Extras

Top Quizzes Today


Score Distribution

Your Account Isn't Verified!

In order to create a playlist on Sporcle, you need to verify the email address you used during registration. Go to your Sporcle Settings to finish the process.

Report this User

Report this user for behavior that violates our Community Guidelines.

Details: